000 00346pab a2200145 454500
008 180718b2005 xxu||||| |||| 00| 0 eng d
100 _aBarnes, William R.
245 _aBeyond federal urban policy
260 _c2005
300 _ap.575-89.
362 _aMay
650 _aUrban development
773 _aUrban Affairs Review
909 _a64929
999 _c64929
_d64929